[Event "Regionalliga NO 1314"]
[Site "Bayern"]
[Date "2014.02.09"]
[Round "6.2"]
[White "Kurz, Christian"]
[Black "Kuehn, Daniel"]
[Result "1/2-1/2"]
[WhiteElo "2159"]
[BlackElo "2014"]
[PlyCount "91"]
[EventDate "2013.10.13"]
[EventType "team-tourn"]
[EventRounds "9"]
[EventCountry "GER"]
[SourceTitle "EXT 2015"]
[Source "ChessBase"]
[SourceDate "2014.11.20"]
[SourceVersion "1"]
[SourceVersionDate "2014.11.20"]
[SourceQuality "1"]
[WhiteTeam "Bechhofen"]
[BlackTeam "Fuerth SF"]
[WhiteTeamCountry "GER"]
[BlackTeamCountry "GER"]

1. Nf3 f5 2. d4 Nf6 3. Bg5 e6 4. g4 fxg4 5. Ne5 c5 6. e3 Be7 7. Bd3 cxd4 8. exd4 Nc6 9. c3 d6 10. Nxg4 Nxg4 11. Bxe7 Qxe7 12. Qxg4 e5 13. Qh5+ Qf7 14. Qxf7+ Kxf7 15. d5 Ne7 16. Nd2 Nxd5 17. Bc4 Be6 18. Ne4 Ke7 19. 0-0-0 Nf6 20. Nxd6 Rhd8 21. Bxe6 Rxd6 22. Rxd6 Kxd6 23. Bh3 e4 24. Rg1 g6 25. Kc2 Rf8 26. c4 Nh5 27. Rd1+ Kc5 28. Rd2 Kxc4 29. Be6+ Kc5 30. Bd5 Nf6 31. Bxb7 Kb6 32. Bd5 Nxd5 33. Rxd5 Rxf2+ 34. Kc3 Rxh2 35. Re5 Rh3+ 36. Kc4 e3 37. Re6+ Kc7 38. Kd3 g5 39. Re7+ Kd6 40. Rxa7 e2+ 41. Kxe2 Rh2+ 42. Kf3 Rxb2 43. Rxh7 Rxa2 44. Ke4 Ra5 45. Rh6+ Ke7 46. Rb6 1/2-1/2

[Event "Regionalliga NO 1213"]
[Site "Bayern"]
[Date "2012.10.14"]
[Round "1.1"]
[White "Kurz, Christian"]
[Black "Kues, Manuel"]
[Result "0-1"]
[WhiteElo "2164"]
[BlackElo "1944"]
[PlyCount "56"]
[EventDate "2012.10.14"]
[EventType "team-tourn"]
[EventRounds "9"]
[EventCountry "GER"]
[SourceTitle "EXT 2015"]
[Source "ChessBase"]
[SourceDate "2014.11.20"]
[SourceVersion "1"]
[SourceVersionDate "2014.11.20"]
[SourceQuality "1"]
[WhiteTeam "Bechhofen"]
[BlackTeam "Kareth Lappersdorf II"]
[WhiteTeamCountry "GER"]
[BlackTeamCountry "GER"]

1. e4 c5 2. Nc3 d6 3. f4 g6 4. Nf3 Bg7 5. Bb5+ Bd7 6. Bxd7+ Nxd7 7. 0-0 e6 8. d3 Ne7 9. Qe1 0-0 10. g4 a6 11. f5 Re8 12. fxe6 fxe6 13. Qh4 Nc6 14. Bg5 Qc7 15. Bh6 Nde5 16. Nxe5 Nxe5 17. Bf4 Qb6 18. Bxe5 Bxe5 19. Rab1 Rf8 20. Qe7 Rxf1+ 21. Rxf1 Qxb2 22. Qxe6+ Kh8 23. Qe7 Rg8 24. Rf7 Qc1+ 25. Kf2 Qd2+ 26. Ne2 Bd4+ 27. Kg3 Qe3+ 28. Kh4 g5+ 0-1

[Event "Berlin Lichtenberger op 11th"]
[Site "Berlin"]
[Date "2012.08.26"]
[Round "9"]
[White "Albrecht, Rainer"]
[Black "Kurz, Christian"]
[Result "1/2-1/2"]
[WhiteElo "2110"]
[BlackElo "2200"]
[PlyCount "111"]
[EventDate "2012.08.18"]
[EventType "swiss"]
[EventRounds "9"]
[EventCountry "GER"]
[SourceTitle "CBM 150 Extra"]
[Source "ChessBase"]
[SourceDate "2012.10.19"]
[SourceVersion "1"]
[SourceVersionDate "2012.10.19"]
[SourceQuality "1"]

1. d4 e6 2. c4 Nf6 3. Nc3 Bb4 4. Bd2 c5 5. dxc5 Bxc5 6. Nf3 0-0 7. g3 b6 8. Bg2 Bb7 9. 0-0 Be7 10. Bf4 d6 11. Qd2 a6 12. Rfd1 Ne8 13. Rac1 Nd7 14. Rc2 Rc8 15. b3 Qc7 16. Ne1 Bxg2 17. Kxg2 Qb7+ 18. Kg1 Nc5 19. Nd3 Nf6 20. Qc1 Nce4 21. Nxe4 Nxe4 22. f3 Nf6 23. Be3 Rfd8 24. Bf2 Rd7 25. Qd2 Rdc7 26. Rcc1 h6 27. Kg2 Ng4 28. Bg1 Bg5 29. e3 Be7 30. h3 Nf6 31. e4 b5 32. cxb5 axb5 33. Rxc7 Rxc7 34. Rc1 d5 35. e5 Nd7 36. Bd4 Rxc1 37. Qxc1 b4 38. Kf2 Nb8 39. Bc5 Bxc5+ 40. Qxc5 Nc6 41. f4 d4 42. a3 bxa3 43. Qxa3 Qb5 44. b4 Qc4 45. h4 h5 46. Nb2 Qc2+ 47. Kf3 Ne7 48. Qa8+ Nc8 49. b5 Qc1 50. Qc6 Qf1+ 51. Ke4 Qe2+ 52. Kxd4 Qxb2+ 53. Ke3 Qa3+ 54. Ke2 Qf8 55. b6 Nxb6 56. Qxb6 1/2-1/2

[Event "Berlin Lichtenberger op 11th"]
[Site "Berlin"]
[Date "2012.08.19"]
[Round "2"]
[White "Kurz, Christian"]
[Black "Witte, Ronald"]
[Result "1/2-1/2"]
[WhiteElo "2200"]
[BlackElo "2034"]
[PlyCount "100"]
[EventDate "2012.08.18"]
[EventType "swiss"]
[EventRounds "9"]
[EventCountry "GER"]
[SourceTitle "CBM 150 Extra"]
[Source "ChessBase"]
[SourceDate "2012.10.19"]
[SourceVersion "1"]
[SourceVersionDate "2012.10.19"]
[SourceQuality "1"]

1. e4 c5 2. Nf3 d6 3. d4 cxd4 4. Nxd4 Nf6 5. Nc3 a6 6. Bg5 e6 7. f4 Be7 8. Qf3 Qc7 9. 0-0-0 Nbd7 10. Bd3 h6 11. Bh4 0-0 12. g4 Nc5 13. g5 Nh7 14. gxh6 Bxh4 15. hxg7 Re8 16. Qh5 e5 17. Qxh4 exd4 18. Nd5 Qd8 19. Qh6 Be6 20. Rhg1 Bxd5 21. exd5 Nxd3+ 22. Rxd3 Qf6 23. Rh3 Qxh6 24. Rxh6 Re2 25. Rg3 Rc8 26. c3 dxc3 27. bxc3 Rxa2 28. Rxd6 Rxh2 29. Rb6 Re8 30. Rd3 Re1+ 31. Rd1 Rxd1+ 32. Kxd1 Kxg7 33. Rxb7 Rf2 34. d6 Nf6 35. d7 Nxd7 36. Rxd7 Rxf4 37. Ra7 Ra4 38. Kc2 Kf6 39. Kb3 Ra1 40. c4 Ke6 41. c5 f5 42. Kc4 f4 43. Ra8 f3 44. Rf8 Rf1 45. Kd4 a5 46. Ra8 Ra1 47. Ra6+ Kd7 48. Rf6 Rf1 49. Kc3 Rc1+ 50. Kd4 Rf1 1/2-1/2

[Event "Regionalliga NO 1011"]
[Site "Bayern"]
[Date "2010.11.14"]
[Round "3.3"]
[White "Schatz, Christian"]
[Black "Kurz, Christian"]
[Result "0-1"]
[WhiteElo "2130"]
[BlackElo "2170"]
[PlyCount "122"]
[EventDate "2010.10.10"]
[EventType "team-tourn"]
[EventRounds "9"]
[EventCountry "GER"]
[SourceTitle "EXT 2012"]
[Source "ChessBase"]
[SourceDate "2011.11.24"]
[SourceVersion "1"]
[SourceVersionDate "2011.11.24"]
[SourceQuality "1"]
[WhiteTeam "Fuerth"]
[BlackTeam "Bechhofen"]
[WhiteTeamCountry "GER"]
[BlackTeamCountry "GER"]

1. c4 Nf6 2. Nc3 g6 3. g3 Bg7 4. Bg2 0-0 5. d4 d6 6. Nf3 Na6 7. 0-0 c5 8. b3 Bd7 9. Bb2 Rb8 10. a4 Nb4 11. Qd2 Bf5 12. Rac1 Nc6 13. d5 Na5 14. Qd1 Bh6 15. e3 Qb6 16. Nd2 Bd3 17. Re1 Nxc4 18. Nxc4 Bxc4 19. bxc4 Qxb2 20. Qd3 Nd7 21. f4 Bg7 22. Ne4 Qb4 23. Rb1 Qxa4 24. Rb3 Qa5 25. Reb1 Qc7 26. h4 a6 27. h5 Rfc8 28. hxg6 hxg6 29. f5 Ne5 30. Qe2 gxf5 31. Ng5 Ng4 32. Rf1 Qd7 33. e4 Bd4+ 34. Kh1 Kg7 35. Bh3 Rh8 36. Kg2 Nh6 37. exf5 Bf6 38. Ne4 Qa4 39. Re3 b5 40. cxb5 Qxb5 41. Qf3 Bd4 42. f6+ exf6 43. Nxf6 Bxe3 44. Qxe3 Qb2+ 45. Rf2 Qe5 46. Qxe5 dxe5 47. Nd7 Rbd8 48. Rd2 c4 49. Rc2 f5 50. Nb6 Rd6 51. Nxc4 Rxd5 52. Ne3 Rd3 53. Nxf5+ Nxf5 54. Bxf5 Rd6 55. Kf3 Kf6 56. Be4 Rb8 57. Rc3 a5 58. Ra3 Rb5 59. Bh7 Rd4 60. Bd3 Rbb4 61. Bc2 Rb2 0-1

[Event "Regionalliga NO 1011"]
[Site "Bayern"]
[Date "2010.10.24"]
[Round "2.3"]
[White "Kurz, Christian"]
[Black "Balogh, Viktor"]
[Result "1-0"]
[WhiteElo "2170"]
[BlackElo "2225"]
[PlyCount "125"]
[EventDate "2010.10.10"]
[EventType "team-tourn"]
[EventRounds "9"]
[EventCountry "GER"]
[SourceTitle "EXT 2012"]
[Source "ChessBase"]
[SourceDate "2011.11.24"]
[SourceVersion "1"]
[SourceVersionDate "2011.11.24"]
[SourceQuality "1"]
[WhiteTeam "Bechhofen"]
[BlackTeam "Erlangen"]
[WhiteTeamCountry "GER"]
[BlackTeamCountry "GER"]

1. Nf3 Nf6 2. c4 c5 3. g3 Nc6 4. Bg2 g6 5. 0-0 Bg7 6. Nc3 0-0 7. d4 cxd4 8. Nxd4 Ng4 9. Nc2 Nge5 10. Ne3 d6 11. Bd2 Be6 12. Ncd5 Qd7 13. Bc3 Bh3 14. Rc1 Rac8 15. b4 Bxg2 16. Kxg2 e6 17. Nf4 Ne7 18. Ba1 Rfd8 19. Kg1 Rc7 20. Nd3 Qc8 21. Qb3 Nxd3 22. exd3 d5 23. Bxg7 Kxg7 24. Qb2+ f6 25. Rfe1 d4 26. Nc2 e5 27. a4 Qf5 28. Qb3 h5 29. Re4 g5 30. Ne1 Ng6 31. Qd1 Rh8 32. Qf3 Qd7 33. Ng2 g4 34. Qe2 Qd6 35. f4 gxf3 36. Qxf3 Qxb4 37. Rf1 Rf7 38. Nh4 Nxh4 39. Rxh4 Qd2 40. Rf2 Qg5 41. Qe4 Re8 42. Rf5 Qe3+ 43. Qxe3 dxe3 44. Rfxh5 f5 45. Kf1 Rd8 46. Ke2 Rfd7 47. Rh7+ Kg6 48. R4h6+ Kg5 49. h4+ Kg4 50. Rg6+ Kh3 51. Rxd7 Rxd7 52. Kxe3 f4+ 53. gxf4 exf4+ 54. Kxf4 Rxd3 55. h5 Kh4 56. h6 Kh5 57. h7 Kxg6 58. h8Q Rb3 59. Qe8+ Kf6 60. Ke4 Rb6 61. Kd5 Rb3 62. a5 a6 63. Kd6 1-0

[Event "Munich op"]
[Site "Munich"]
[Date "2010.10.02"]
[Round "8"]
[White "Kurz, Christian"]
[Black "De Francesco, Klaus"]
[Result "1/2-1/2"]
[WhiteElo "2133"]
[BlackElo "2290"]
[PlyCount "39"]
[EventDate "2010.09.25"]
[EventType "swiss"]
[EventRounds "9"]
[EventCountry "GER"]
[SourceTitle "CBM 138 Extra"]
[Source "ChessBase"]
[SourceDate "2010.10.29"]
[SourceVersion "1"]
[SourceVersionDate "2010.10.29"]
[SourceQuality "1"]

1. e4 e6 2. d4 d5 3. Nd2 a6 4. Bd3 c5 5. dxc5 Nf6 6. Qe2 Bxc5 7. Ngf3 0-0 8. 0-0 Nc6 9. c3 Be7 10. Re1 Qc7 11. e5 Nd7 12. Nb3 f6 13. exf6 Nxf6 14. Nbd4 Nxd4 15. cxd4 Bd7 16. Bg5 Qb6 17. Ne5 Be8 18. Ng4 Bd7 19. Ne5 Be8 20. Ng4 1/2-1/2

[Event "Berlin Lichtenberger op 9th"]
[Site "Berlin"]
[Date "2010.08.15"]
[Round "9"]
[White "Von Herman, Ulf"]
[Black "Kurz, Christian"]
[Result "1-0"]
[WhiteElo "2400"]
[BlackElo "2133"]
[PlyCount "71"]
[EventDate "2010.08.07"]
[EventType "swiss"]
[EventRounds "9"]
[EventCountry "GER"]
[SourceTitle "CBM 137 Extra"]
[Source "ChessBase"]
[SourceDate "2010.09.01"]
[SourceVersion "1"]
[SourceVersionDate "2010.09.01"]
[SourceQuality "1"]

1. d4 d5 2. Nf3 Nf6 3. c4 dxc4 4. Nc3 a6 5. e4 b5 6. e5 Nd5 7. a4 e6 8. axb5 Nb6 9. Be3 axb5 10. Rxa8 Nxa8 11. Nxb5 Nb6 12. Nc3 Ba6 13. Nd2 Nc6 14. Qg4 Nb4 15. Qe4 Be7 16. Be2 0-0 17. 0-0 Qd7 18. Ra1 Rb8 19. Qg4 Kh8 20. h4 f5 21. exf6 gxf6 22. Qh5 Rg8 23. Bf3 N6d5 24. Bh6 Rg6 25. Be4 f5 26. Bxd5 exd5 27. Nf3 Bd6 28. Kh1 c6 29. Ne2 Qe6 30. Be3 h6 31. Nf4 Bxf4 32. Bxf4 Nd3 33. Ne5 Nxf4 34. Nxg6+ Qxg6 35. Qxg6 Nxg6 36. Rxa6 1-0

[Event "Berlin Lichtenberger op 9th"]
[Site "Berlin"]
[Date "2010.08.13"]
[Round "7"]
[White "Kramer, Wolfgang"]
[Black "Kurz, Christian"]
[Result "1/2-1/2"]
[WhiteElo "2034"]
[BlackElo "2133"]
[PlyCount "36"]
[EventDate "2010.08.07"]
[EventType "swiss"]
[EventRounds "9"]
[EventCountry "GER"]
[SourceTitle "CBM 137 Extra"]
[Source "ChessBase"]
[SourceDate "2010.09.01"]
[SourceVersion "1"]
[SourceVersionDate "2010.09.01"]
[SourceQuality "1"]

1. e4 e6 2. d4 c5 3. Nf3 cxd4 4. Nxd4 Nf6 5. Bd3 a6 6. Nc3 Qc7 7. Qe2 d6 8. Bg5 Be7 9. f4 Nc6 10. Nxc6 bxc6 11. e5 Nd5 12. Nxd5 cxd5 13. Bxe7 Qxe7 14. 0-0 g6 15. Rf3 h5 16. exd6 Qxd6 17. f5 e5 18. c4 d4 1/2-1/2

[Event "Berlin Lichtenberger op 9th"]
[Site "Berlin"]
[Date "2010.08.07"]
[Round "1"]
[White "Kurz, Christian"]
[Black "Kiessling, Beate"]
[Result "1-0"]
[WhiteElo "2133"]
[BlackElo "1699"]
[PlyCount "61"]
[EventDate "2010.08.07"]
[EventType "swiss"]
[EventRounds "9"]
[EventCountry "GER"]
[SourceTitle "CBM 137 Extra"]
[Source "ChessBase"]
[SourceDate "2010.09.01"]
[SourceVersion "1"]
[SourceVersionDate "2010.09.01"]
[SourceQuality "1"]

1. e4 c6 2. d4 d5 3. Nc3 dxe4 4. Nxe4 Nd7 5. Ng5 Ngf6 6. Bd3 e6 7. N1f3 Bd6 8. Qe2 h6 9. Ne4 Nxe4 10. Qxe4 Nf6 11. Qe2 0-0 12. Bd2 Qc7 13. 0-0-0 c5 14. h4 Bd7 15. dxc5 Qxc5 16. Kb1 Rfe8 17. Be3 Qc7 18. Nd4 a6 19. g4 Nd5 20. g5 Ba3 21. Bc1 Qb6 22. Nb3 Bd6 23. gxh6 g6 24. h5 e5 25. hxg6 Nf4 26. gxf7+ Kxf7 27. Bc4+ Be6 28. Bxf4 exf4 29. Qh5+ Ke7 30. Rhe1 Kd7 31. Bxe6+ 1-0

[Event "Regionalliga NO 0809"]
[Site "Bayern"]
[Date "2009.01.18"]
[Round "5.3"]
[White "Stiller, Juergen"]
[Black "Kurz, Christian"]
[Result "1/2-1/2"]
[WhiteElo "2158"]
[BlackElo "2074"]
[PlyCount "85"]
[EventDate "2008.10.05"]
[EventType "team-tourn"]
[EventRounds "9"]
[EventCountry "GER"]
[SourceTitle "EXT 2020"]
[Source "ChessBase"]
[SourceDate "2019.10.17"]
[SourceVersion "1"]
[SourceVersionDate "2019.10.17"]
[SourceQuality "1"]
[WhiteTeam "Nuernberg Sued SW"]
[BlackTeam "Bechhofen"]
[WhiteTeamCountry "GER"]
[BlackTeamCountry "GER"]

1. d4 Nf6 2. Bg5 d5 3. Nd2 Nc6 4. Bxf6 exf6 5. e3 Bf5 6. a3 Be7 7. c4 0-0 8. Ngf3 dxc4 9. Bxc4 Na5 10. Be2 b6 11. b4 Nb7 12. 0-0 c5 13. dxc5 bxc5 14. b5 Qc7 15. Nc4 Nd6 16. a4 Nxc4 17. Bxc4 Be4 18. Nd2 Bb7 19. a5 Rad8 20. Qe2 Bd6 21. h3 f5 22. Rfd1 Rfe8 23. Ra3 f4 24. a6 Ba8 25. Nf3 fxe3 26. Rxe3 Rxe3 27. fxe3 Qe7 28. Kf1 Bc7 29. Rxd8+ Qxd8 30. Qd3 Bxf3 31. Qxd8+ Bxd8 32. gxf3 Kf8 33. Ke2 Ke7 34. Kd3 f5 35. Bg8 h6 36. Kc4 Kd6 37. h4 Ke5 38. h5 Bb6 39. Bh7 Ba5 40. Bg8 Bb6 41. Bh7 Ba5 42. e4 fxe4 43. fxe4 1/2-1/2

[Event "Regionalliga NO 0809"]
[Site "Bayern"]
[Date "2008.11.30"]
[Round "3.3"]
[White "Kalous, Miroslav"]
[Black "Kurz, Christian"]
[Result "0-1"]
[WhiteElo "2060"]
[BlackElo "2074"]
[PlyCount "74"]
[EventDate "2008.10.05"]
[EventType "team-tourn"]
[EventRounds "9"]
[EventCountry "GER"]
[SourceTitle "EXT 2020"]
[Source "ChessBase"]
[SourceDate "2019.10.17"]
[SourceVersion "1"]
[SourceVersionDate "2019.10.17"]
[SourceQuality "1"]
[WhiteTeam "Windischeschenbach"]
[BlackTeam "Bechhofen"]
[WhiteTeamCountry "GER"]
[BlackTeamCountry "GER"]

1. d4 Nf6 2. Nf3 d5 3. Bf4 c6 4. e3 Bg4 5. Nbd2 e6 6. Bd3 Be7 7. c3 0-0 8. h3 Bxf3 9. Qxf3 c5 10. 0-0 Nc6 11. Qe2 Bd6 12. Bxd6 Qxd6 13. f4 Rab8 14. a3 Nd7 15. Kh1 Qe7 16. Nf3 f6 17. e4 cxd4 18. exd5 exd5 19. Qxe7 Nxe7 20. Nxd4 g6 21. Rfe1 Nc6 22. Nxc6 bxc6 23. b4 Rfe8 24. a4 Kf8 25. Kg1 f5 26. Kf2 Nf6 27. Rxe8+ Kxe8 28. Ke3 Kd7 29. Kd4 Kd6 30. Rb1 Re8 31. a5 Nh5 32. Rf1 Ng7 33. Ba6 Re4+ 34. Kd3 Ne6 35. g3 c5 36. Rb1 Nc7 37. Bb7 c4+ 0-1

[Event "Regionalliga NO 0809"]
[Site "Bayern"]
[Date "2008.10.26"]
[Round "2.3"]
[White "Kurz, Christian"]
[Black "Paerr, Manfred"]
[Result "1/2-1/2"]
[WhiteElo "2074"]
[BlackElo "2118"]
[PlyCount "55"]
[EventDate "2008.10.05"]
[EventType "team-tourn"]
[EventRounds "9"]
[EventCountry "GER"]
[SourceTitle "EXT 2020"]
[Source "ChessBase"]
[SourceDate "2019.10.17"]
[SourceVersion "1"]
[SourceVersionDate "2019.10.17"]
[SourceQuality "1"]
[WhiteTeam "Bechhofen"]
[BlackTeam "Regensburg Fortuna II"]
[WhiteTeamCountry "GER"]
[BlackTeamCountry "GER"]

1. e4 e5 2. Nf3 Nc6 3. Bb5 a6 4. Ba4 Nf6 5. 0-0 b5 6. Bb3 Be7 7. Re1 0-0 8. h3 d6 9. c3 Na5 10. Bc2 c5 11. d4 Qc7 12. dxe5 dxe5 13. Nbd2 Bb7 14. Nf1 Rfe8 15. Ng3 g6 16. Nh2 Rad8 17. Qf3 Kg7 18. h4 h5 19. Bg5 Bc8 20. b3 Nc6 21. Qe3 Ng4 22. Nxg4 Bxg4 23. Bd1 Be6 24. Bxh5 Rh8 25. Bxe7 Qxe7 26. Bf3 Rxh4 27. Rad1 Rhh8 28. Rxd8 1/2-1/2

[Event "Mittelfranken-ch HT 57th"]
[Site "Bechhofen"]
[Date "2008.03.19"]
[Round "3.7"]
[White "Ahlich, Thomas"]
[Black "Kurz, Christian"]
[Result "0-1"]
[WhiteElo "1914"]
[BlackElo "2050"]
[PlyCount "92"]
[EventDate "2008.03.18"]
[EventType "swiss"]
[EventRounds "9"]
[EventCountry "GER"]
[SourceTitle "EXT 2011"]
[Source "ChessBase"]
[SourceDate "2010.11.26"]
[SourceVersion "1"]
[SourceVersionDate "2010.11.26"]
[SourceQuality "1"]

1. Nf3 Nf6 2. b3 e6 3. Bb2 b6 4. e3 Bb7 5. Be2 Be7 6. 0-0 0-0 7. d4 d6 8. c4 Nbd7 9. Nc3 c5 10. Qc2 Qc7 11. Rfd1 a6 12. Rac1 Rac8 13. d5 exd5 14. Nxd5 Bxd5 15. cxd5 b5 16. Qf5 Rfe8 17. e4 Bf8 18. Bd3 g6 19. Qf4 Bg7 20. Bxf6 Nxf6 21. Bb1 Nd7 22. Rd3 Re7 23. Re1 c4 24. bxc4 bxc4 25. Ra3 Qb6 26. Qc1 Ne5 27. Nxe5 Bxe5 28. Re2 Rb7 29. Rb3 cxb3 30. Qxc8+ Kg7 31. Qc1 Rc7 32. Qd1 b2 33. Rc2 Re7 34. Rc6 Qb4 35. g3 a5 36. Rc2 f5 37. exf5 Bxg3 38. f6+ Kxf6 39. Qf3+ Bf4 40. Kg2 Re1 41. Re2 Rxb1 42. Re6+ Kg5 43. Kh3 Rg1 44. Re4 Qd2 45. Re2 b1Q 46. Rxd2 Qf5+ 0-1

[Event "Mittelfranken-ch HT 57th"]
[Site "Bechhofen"]
[Date "2008.03.18"]
[Round "2.4"]
[White "Kurz, Christian"]
[Black "Klek, Hanna Marie"]
[Result "0-1"]
[WhiteElo "2050"]
[BlackElo "1985"]
[PlyCount "68"]
[EventDate "2008.03.18"]
[EventType "swiss"]
[EventRounds "9"]
[EventCountry "GER"]
[SourceTitle "EXT 2011"]
[Source "ChessBase"]
[SourceDate "2010.11.26"]
[SourceVersion "1"]
[SourceVersionDate "2010.11.26"]
[SourceQuality "1"]

1. e4 c5 2. Nf3 d6 3. d4 cxd4 4. Nxd4 Nf6 5. Nc3 a6 6. Bg5 e6 7. f4 Be7 8. Qf3 Qc7 9. 0-0-0 0-0 10. Bd3 Nbd7 11. Kb1 b5 12. Rhe1 Bb7 13. Qh3 e5 14. Nf5 Rfe8 15. Nd5 Bxd5 16. exd5 Bf8 17. fxe5 Rxe5 18. Rxe5 dxe5 19. Qh4 Re8 20. Re1 Qc5 21. Re3 Qxd5 22. Rg3 Kh8 23. Nh6 Be7 24. Nf5 Bf8 25. Nh6 Be7 26. Ng4 e4 27. Nxf6 Bxf6 28. Be2 Qd4 29. c3 Qg1+ 30. Kc2 Qf2 31. Qh5 Bxg5 32. Rxg5 g6 33. Qg4 f5 34. Qf4 Qxf4 0-1

[Event "Mittelfranken-ch HT 57th"]
[Site "Bechhofen"]
[Date "2008.03.18"]
[Round "1.6"]
[White "Luther, Helmut"]
[Black "Kurz, Christian"]
[Result "0-1"]
[WhiteElo "1922"]
[BlackElo "2050"]
[PlyCount "94"]
[EventDate "2008.03.18"]
[EventType "swiss"]
[EventRounds "9"]
[EventCountry "GER"]
[SourceTitle "EXT 2011"]
[Source "ChessBase"]
[SourceDate "2010.11.26"]
[SourceVersion "1"]
[SourceVersionDate "2010.11.26"]
[SourceQuality "1"]

1. d4 d5 2. Nf3 Nf6 3. Bg5 c6 4. e3 Bf5 5. Be2 e6 6. 0-0 Nbd7 7. Nbd2 Bd6 8. Nh4 Bg6 9. c4 0-0 10. Nxg6 hxg6 11. c5 Be7 12. f4 a5 13. Rf3 Ne4 14. Bxe7 Qxe7 15. Nxe4 dxe4 16. Rh3 Rab8 17. Qe1 b6 18. cxb6 Rxb6 19. b3 Ra8 20. g4 g5 21. Rh5 gxf4 22. exf4 Qf6 23. Qf2 g6 24. g5 Qg7 25. Rh3 a4 26. Bc4 axb3 27. Bxb3 Nc5 28. Rb1 Nd3 29. Qe3 Rb4 30. Qxe4 Qxd4+ 31. Qxd4 Rxd4 32. f5 gxf5 33. g6 Nc5 34. gxf7+ Kxf7 35. Rh7+ Kf6 36. Rc7 Rg8+ 37. Kf1 Ne4 38. Rxc6 Nd2+ 39. Kf2 Nxb1 40. Rxe6+ Kg5 41. Re1 Rh8 42. Rxb1 Rxh2+ 43. Ke3 Re4+ 44. Kd3 Rh3+ 45. Kd2 Rg4 46. Rf1 Rg2+ 47. Kc1 Rhg3 0-1

[Event "Staufer op 20th"]
[Site "Schwaebisch Gmuend"]
[Date "2008.01.05"]
[Round "8"]
[White "Kurz, Christian"]
[Black "Kabisch, Thilo"]
[Result "1/2-1/2"]
[WhiteElo "2026"]
[BlackElo "2245"]
[PlyCount "97"]
[EventDate "2008.01.02"]
[EventType "swiss"]
[EventRounds "9"]
[EventCountry "GER"]
[SourceTitle "CBM 122 Extra"]
[Source "ChessBase"]
[SourceDate "2008.03.04"]
[SourceVersion "1"]
[SourceVersionDate "2008.03.04"]
[SourceQuality "1"]

1. e4 c5 2. Nf3 Nc6 3. d4 cxd4 4. Nxd4 e5 5. Nb5 d6 6. N1c3 a6 7. Na3 Be7 8. g3 f5 9. exf5 Bxf5 10. Bg2 Nf6 11. 0-0 0-0 12. Nd5 Rc8 13. c3 Kh8 14. Nc4 Nxd5 15. Qxd5 Rf6 16. Ne3 Be6 17. Qd3 Rf7 18. Nd5 Bg5 19. Be3 Bxe3 20. Qxe3 Qa5 21. Qd2 Rcf8 22. a4 Bxd5 23. Qxd5 Qb6 24. Qd2 Na5 25. Bd5 Nb3 26. Bxb3 Qxb3 27. Qe2 Rf3 28. Rad1 Qe6 29. Rd3 R3f6 30. Rfd1 Qc4 31. Qd2 Rd8 32. Qe3 h6 33. Qb6 Rdf8 34. Rxd6 Qxa4 35. R1d2 Qe4 36. Rxf6 Rxf6 37. Qd8+ Kh7 38. Qd5 Qe1+ 39. Kg2 e4 40. Qd4 h5 41. h4 Rf5 42. b4 b5 43. Ra2 Rf6 44. Rd2 Kh6 45. Qd5 Rg6 46. Qd8 Kh7 47. Qd5 Kh6 48. Qd8 Kh7 49. Qd5 1/2-1/2

[Event "Staufer op 20th"]
[Site "Schwaebisch Gmuend"]
[Date "2008.01.04"]
[Round "6"]
[White "Kurz, Christian"]
[Black "Merk, Tobias"]
[Result "1/2-1/2"]
[WhiteElo "2026"]
[BlackElo "2171"]
[PlyCount "53"]
[EventDate "2008.01.02"]
[EventType "swiss"]
[EventRounds "9"]
[EventCountry "GER"]
[SourceTitle "CBM 122 Extra"]
[Source "ChessBase"]
[SourceDate "2008.03.04"]
[SourceVersion "1"]
[SourceVersionDate "2008.03.04"]
[SourceQuality "1"]

1. e4 e6 2. d4 d5 3. Nd2 Nf6 4. Bd3 c5 5. dxc5 Bxc5 6. Qe2 Nc6 7. c3 Qc7 8. Ngf3 0-0 9. 0-0 h6 10. e5 Ng4 11. Nb3 Bb6 12. Bf4 f6 13. Bg3 Ngxe5 14. Nxe5 fxe5 15. Rae1 Qf7 16. Bxe5 Nxe5 17. Qxe5 Bc7 18. Bg6 Qf4 19. Qxf4 Rxf4 20. Rd1 Rf6 21. Bh5 Bd7 22. Bg4 Bb6 23. Nd4 Raf8 24. Rde1 e5 25. Bxd7 exd4 26. cxd4 Bxd4 27. Re2 1/2-1/2

[Event "Mittelfrankenliga-B1 0607"]
[Site "Mittelfranken"]
[Date "2006.12.03"]
[Round "3.4"]
[White "Kurz, Christian"]
[Black "Ederer, Rene"]
[Result "1-0"]
[WhiteElo "2001"]
[BlackElo "1996"]
[PlyCount "25"]
[EventDate "2006.10.22"]
[EventType "team-tourn"]
[EventRounds "9"]
[EventCountry "GER"]
[SourceTitle "EXT 2011"]
[Source "ChessBase"]
[SourceDate "2010.11.26"]
[SourceVersion "1"]
[SourceVersionDate "2010.11.26"]
[SourceQuality "1"]
[WhiteTeam "Bechhofen"]
[BlackTeam "Nuernberg NT III"]
[WhiteTeamCountry "GER"]
[BlackTeamCountry "GER"]

1. e4 c6 2. d4 d5 3. Nc3 dxe4 4. Nxe4 Nd7 5. Ng5 Ngf6 6. Bd3 e6 7. N1f3 h6 8. Nxe6 Qe7 9. 0-0 fxe6 10. Bg6+ Kd8 11. Bf4 Ne8 12. Bg3 Qf6 13. Bh4 1-0

[Event "Nuremberg-ch op 06th"]
[Site "Nuremberg"]
[Date "2006.06.04"]
[Round "5.9"]
[White "Kurz, Christian"]
[Black "Weinmann, Stefan"]
[Result "1/2-1/2"]
[WhiteElo "1835"]
[BlackElo "1988"]
[PlyCount "64"]
[EventDate "2006.06.02"]
[EventType "swiss"]
[EventRounds "5"]
[EventCountry "GER"]
[SourceTitle "EXT 2007"]
[Source "ChessBase"]
[SourceDate "2006.11.23"]
[SourceVersion "1"]
[SourceVersionDate "2006.11.23"]
[SourceQuality "1"]

1. e4 c5 2. Nf3 e6 3. d4 cxd4 4. Nxd4 Bc5 5. Nc3 Qb6 6. Na4 Qa5+ 7. c3 Bxd4 8. Qxd4 Nf6 9. Nc5 Nc6 10. Qd6 b6 11. Nb3 Nxe4 12. Qxc6 dxc6 13. Nxa5 bxa5 14. Be3 0-0 15. 0-0-0 e5 16. f3 Nf6 17. Bc4 Bb7 18. Rhe1 Nd5 19. Bc5 Rfe8 20. Bd6 Nb6 21. Bb3 a4 22. Bc2 f6 23. Bc5 Rad8 24. Bxb6 axb6 25. Bxa4 Kf8 26. b4 Ke7 27. c4 Rxd1+ 28. Rxd1 Ra8 29. Bb3 c5 30. bxc5 bxc5 31. Kb2 Bc6 32. Bc2 Ba4 1/2-1/2